000 00375nam a2200145Ia 4500
008 100204s9999 xx 000 0 und d
082 _b11473
100 _aकदम बा.
245 _aबदला
260 _b"शशीदीप प्रकाशन , पुणे"
_c1988
300 _a276
630 _aबदला
730 _aबदला
942 _cBOOK
999 _c455909
_d455906